Mi rebelión en Barcelona / Manuel Azaña
Descripción Física:
358 p. ; 20 cm
MARC
| LEADER | 00000nam a2200000Ia 4500 | ||
|---|---|---|---|
| 001 | 771 | ||
| 008 | 160829s1935 xx 000 0 cat d | ||
| 080 | |a M-3-19 | ||
| 100 | |a Azaña, Manuel |9 30057 | ||
| 245 | |a Mi rebelión en Barcelona / Manuel Azaña | ||
| 260 | |a Bilbao, etc. : |b Espasa - Calpe, |c 1935 | ||
| 300 | |a 358 p. ; |c 20 cm | ||
| 650 | |a Azaña, Manuel |x Biografia |9 30059 | ||
| 650 | |a Fets d'Octubre, Espanya, 1934 |x Relats personals |9 30060 | ||
| 901 | |a Arxiu | ||
| 942 | |n 1 | ||
| 952 | |0 0 |1 0 |4 0 |6 M319 |7 1 |9 45238 |a Arxiu |b Arxiu |d 2016-12-01 |l 0 |o M-3-19 |p 771 |r 2016-12-01 00:00:00 |w 2016-12-01 |y ARXIU | ||
| 999 | |c 48312 |d 48312 | ||